| 000 | 004240000a22001690004500 | ||
|---|---|---|---|
| 041 | 0 | _aSPA | |
| 082 | 0 | 4 | _aG 274.6 G6439b |
| 100 | 1 | _aGonzález, Justo Luis | |
| 245 | 1 | 0 | _aLuces bajo el almud / Justo L. Gonzáles |
| 260 | _aMiami, FL., USA : Caribe | ||
| 300 | _a76 Pag | ||
| 001 | 8577 | ||
| 942 | _cBK | ||
| 999 |
_c38713 _d38713 |
||
| 336 |
_atexto _btxt _2rdacontent |
||
| 337 |
_2rdamedia _asin mediación _bn |
||
| 338 |
_2rdacarrier _avolumen _bnc |
||